La revolución, la política moderna y el individuo : (Record no. 144544)
[ view plain ]
| 000 -LEADER | |
|---|---|
| fixed length control field | 00886nam a2200205 4500 |
| 005 - DATE AND TIME OF LATEST TRANSACTION | |
| control field | 20220520133952.0 |
| 008 - FIXED-LENGTH DATA ELEMENTS--GENERAL INFORMATION | |
| fixed length control field | 180921b sp ||||| |||| 00| 0 spa d |
| 020 ## - INTERNATIONAL STANDARD BOOK NUMBER | |
| International Standard Book Number | 9788415031802 |
| 050 04 - LIBRARY OF CONGRESS CALL NUMBER | |
| Classification number | DP214 |
| Item number | H63 2011 |
| 100 1# - MAIN ENTRY--PERSONAL NAME | |
| Personal name | Hocquellet, Richard, |
| Dates associated with a name | 1965-2009 |
| 245 10 - TITLE STATEMENT | |
| Title | La revolución, la política moderna y el individuo : |
| Remainder of title | miradas sobre el proceso revolucionario en España (1808-1835) |
| Statement of responsibility, etc | / Richard Hocquellet ; Jean Philippe Luis, editor. |
| 250 ## - EDITION STATEMENT | |
| Edition statement | 1a ed. |
| 260 ## - PUBLICATION, DISTRIBUTION, ETC. (IMPRINT) | |
| Place of publication, distribution, etc | Zaragoza, España : |
| Name of publisher, distributor, etc | Prensas Universitarias de Zaragoza ; |
| Place of publication, distribution, etc | Cádiz, España : |
| Name of publisher, distributor, etc | Servicios de Publicaciones de Universidad de Cádiz, |
| Date of publication, distribution, etc | 2011. |
| 300 ## - PHYSICAL DESCRIPTION | |
| Extent | 308 p. ; |
| Dimensions | 22 cm. |
| 490 ## - SERIES STATEMENT | |
| Series statement | Ciencias sociales |
| Volume number/sequential designation | ; N°80 |
| 504 ## - BIBLIOGRAPHY, ETC. NOTE | |
| Bibliography, etc | Incluye bibliografía (p.293-306) e índice. |
| 651 #7 - SUBJECT ADDED ENTRY--GEOGRAPHIC NAME | |
| Source of heading or term | lemb |
| Geographic name | España |
| General subdivision | Historia |
| Chronological subdivision | 1814-1833 |
| 700 1# - ADDED ENTRY--PERSONAL NAME | |
| Personal name | Jean Philippe, Luis, |
| Relator term | ed. |
| 942 ## - ADDED ENTRY ELEMENTS (KOHA) | |
| Source of classification or shelving scheme | Biblioteca del Cogreso de los Estados Unidos |
| Koha item type | Libro |
| Estado de pérdida | Fuente de clasificación | Estado del daño | No para préstamo | Ubicación permanente | Ubicación actual | Apartado o colección | Fecha de adquisición | Edición | Dependencia de educación superior (DES) | Área del conocimiento | Clasificación | Código de Barras | Date last seen | Número de copia | Tipo de recurso | Nota pública | Fuente de adquisición | Total Checkouts | Costo por reposición |
|---|---|---|---|---|---|---|---|---|---|---|---|---|---|---|---|---|---|---|---|
| Biblioteca del Cogreso de los Estados Unidos | Biblioteca del Instituto de Investigaciones Históricas | Biblioteca del Instituto de Investigaciones Históricas | General | 21/09/2018 | 1a ed. | Humanidades | Ciencias Sociales y Administrativas | DP214 H63 2011 | IIH000005003 | 21/09/2018 | C:1 | Libro | GENERAL | ||||||
| Biblioteca del Cogreso de los Estados Unidos | Biblioteca del Instituto de Investigaciones Históricas | Biblioteca del Instituto de Investigaciones Históricas | General | 20/05/2022 | 1a ed. | Humanidades | Ciencias Sociales y Administrativas | DP214 H63 2011 | IIH000032846 | 20/05/2022 | C:2 | Libro | Programa Integral de Fortalecimiento Institucional 2013 | 1.00 |